| 000 | 01385nas a2200313 i 4500 | ||
|---|---|---|---|
| 001 | 49667 | ||
| 003 | DR-UNIBE | ||
| 005 | 20260429153845.0 | ||
| 007 | ta | ||
| 008 | 260429e2008 dr mn|p|r||||||0| | spa d | ||
| 040 |
_aBIBLIOTECA UNIBE _cBIBLIOTECA UNIBE _bspa _dDO-SdBNP _erda |
||
| 041 | _aspa | ||
| 245 |
_aHabla : _bmedio ambiente, ciudad, frontera. |
||
| 264 |
_aSanto Domingo, República Dominicana : _bRed Habla Comunitaria, _c2008. |
||
| 300 |
_avolumen : _bilustraciones, fotografías, gráficas, mapas ; _c22 x 28 cm |
||
| 310 | _aMensual. | ||
| 336 |
_atexto _btxt _2rdacontent |
||
| 337 |
_asin mediación _bn _2rdamedia |
||
| 338 |
_avolumen _bnc _2rdacarrier |
||
| 362 | 0 | _aAño 1. No. 1 (Febrero Año 2008). | |
| 500 | _aCatalogación basada en: Año. 1. No. 1 (Febrero Año 2008). | ||
| 650 |
_aProtección del medio ambiente _958075 _vPublicaciones periódicas _zRepública Dominicana |
||
| 650 |
_aCalidad ambiental _934507 _vPublicaciones periódicas _zRepública Dominicana |
||
| 650 |
_aEcología _958076 _vPublicaciones periódicas _zRepública Dominicana |
||
| 650 |
_aPolítica ambiental _958077 _vPublicaciones periódicas _zRepública Dominicana |
||
| 650 |
_aControl ambiental _958078 _vPublicaciones periódicas _zRepública Dominicana |
||
| 650 |
_aEducación ambiental _958079 _vPublicaciones periódicas _zRepública Dominicana |
||
| 942 |
_2ddc _cISSUE |
||
| 999 |
_c60637 _d60637 |
||